Normal view MARC view

Entry Personal Name

Number of records used in: 2

001 - CONTROL NUMBER

  • control field: 75365

003 - CONTROL NUMBER IDENTIFIER

  • control field: dpl

005 - DATE AND TIME OF LATEST TRANSACTION

  • control field: 20241218125556.0

008 - FIXED-LENGTH DATA ELEMENTS

  • fixed length control field: 241218|| aca||aabn | a|a d

040 ## - CATALOGING SOURCE

  • Original cataloging agency: dpl
  • Transcribing agency: dpl

100 ## - HEADING--PERSONAL NAME

  • Personal name: धनकड़, रवीन्द्र

670 ## - SOURCE DATA FOUND

  • Source citation: Work cat.: (dpl)207791: धनकड़, रवीन्द्र, सामान्य ज्ञान सार संग्रह 25000+ तथ्य/, 2025

© Delhi Public Library
Hit Counter
free hit counter